000 00738aam a2200217 i 4500
999 _c48013
_d48013
001 BINCO
003 CO-MdBIC
005 20200316151420.0
008 200316t1969 a||ab |||| 00| j eng d
040 _aCO-MdBIC
_beng.
_cCO-MdBIC
_dCO-MdBIC
041 _aeng
082 0 4 _a818HC
_222
_bB45r
100 1 _aBergey, Alyce
_tThe Reggar's Greatest Wish
245 1 0 _aThe Beggars Greatest Wish
_c/ Alyce Bergey ; Concordia Publishing House ; Jim Roberts
260 _aMissouri : Concordia Publishing
264 1 _aUnites States :
_bARCH Books
_c©1969
300 _a[ 32 páginas] :
_bilustraddo a color :
_c16 cm.
505 _aHistoria biblica del hombre que Jesus le quito la ceguera.
650 1 4 _aLiteratura Infantil
942 _cLGB